| 000 | 02417nam a22002297a 4500 | ||
|---|---|---|---|
| 001 | 216222718 | ||
| 003 | UA-OsUOA | ||
| 005 | 20220825105510.0 | ||
| 008 | 220825b un d|||f |||| 00| 0 ukr d | ||
| 040 |
_aUA-OsUOA _bukr _cUA-OsUOA _dUA-OsUOA |
||
| 041 | _aukr | ||
| 080 | _a305 | ||
| 090 |
_a305 _bК61 |
||
| 100 | _aКоломієць Ю. В. | ||
| 245 |
_aГендерні особливості віртуальної комунікації американської молоді _cКоломієць Ю. В. |
||
| 260 |
_aОстрог _bКАФ _c2017 |
||
| 300 | _a72 с. | ||
| 520 | _aВступ. Розділ І. Специфіка феномену віртуальної комунікації. 1.1. Сутність поняття "віртуальна комунікація" 1.2. Основні форми віртуальної комунікації 1.3. Структурні, мовні та жанрові особливості інтернет-спілкування Розділ ІІ. Розвиток американського віртуального простору. 2.1. Особливості розвитку віртуального простору Америки. Типи віртуальних спільнот 2.2. віртуальна комунікація як чинник соціалізації молоді 2.3. Соціальні мережі як форма комунікації Розділ ІІІ. Особливості гендерної віртуальної комунікації американської молоді (на прикладі листування у соціальних мережах користувачів віком 18-25 років). 3.1. Гендерна й вікова структура американської інтернет-спільноти 3.2. Засоби гендерної само-презентації особистості в Інтернеті 3.3. Особливості віртуального спілкування хлопців та дівчат англійською мовою Висновки. Список використаних джерел та літератури. Додатки. | ||
| 650 |
_a305 Гендерні дослідження (соціально-біологічні дослідження з питань статі) _2UDC |
||
| 942 |
_cBK _2udc |
||
| 955 | _a1 | ||
| 999 |
_c285954 _d285954 |
||